000 01037nam a2200253 a 4500
001 000007108
005 20260219105723.0
008 090904s1982 dr 000 0 spa d
040 _aDO-SdBNP
_bspa
_cBNPHU
082 _a378.7293
_bU58d
111 2 _aEncuentro de rectores "Universidades dominicanas hacia el 2000"
_n(1º. :
_d1992 mar. 13 :
_cSanto Domingo)
_919725
245 1 0 _aPonencias /
_cpresentación Ramón Benito Ángeles.
260 _aSanto Domingo :
_bProyecto BID-FUNDAPEC,
_c1982.
300 _a156 p. ;
_c22 cm.
490 1 _aInstitucional
_v8
590 _aInventariado, 2018/ YL
650 4 _aUniversidades
_xFines y objetivos
_zRepública Dominicana
_xCongresos, conferencias, etc.
_919726
650 0 _aEducación superior
_zRepública Dominicana
_9730
650 4 _aDesarrollo científico y tecnológico
_zRepública Dominicana
_911803
650 0 _aInnovaciones educativas
_917115
700 1 _aAngeles, Ramón Benito
_epres.
_919727
830 0 _aInstitucional
_n8
_919728
910 _aValidado. Control de calidad EMS.
999 _c6889
_d6889